Opatrenia štátu eliminujúce daňové úniky v Slovenskej republike bakalárska práca

Uložené v:
Podrobná bibliografia
Hlavný autor: Mišenčíková, Ivana
Korporativný autor: Národohospodárska fakulta EU. Katedra financií
Ďalší autori: Šepeľová, Jaroslava, 1993-
Médium: Kniha
Jazyk:Slovak
Vydavateľské údaje: Bratislava 2019
Tagy: Pridať tag
Žiadne tagy, Buďte prvý, kto otaguje tento záznam!

MARC

LEADER 00000nbm a2200000 4500
001 0256502
005 20191030125455.0
041 0 |a slo 
044 |a SK 
245 1 0 |a Opatrenia štátu eliminujúce daňové úniky v Slovenskej republike  |b bakalárska práca  |c Ivana Mišenčíková ; školiteľ: Jaroslava Šepeľová 
264 1 |a Bratislava  |c 2019 
300 |a 63 s. 
100 1 |a Mišenčíková, Ivana 
700 1 |a Šepeľová, Jaroslava, 1993- 
710 2 |a Národohospodárska fakulta EU. Katedra financií